000 00824nam a22002897a 4500
003 CHAP
005 20220329141055.0
008 971013s1994 r 00010 d
010 _a62221
011 _a63193
035 _a67369
040 _cCHAP
082 _a635.933216
_bH52
100 0 0 _aHibberd, David.
_955135
245 _aHardy geraniums
260 _aLondon :
_bCassell Educational Limited,
_c1994
300 _a64 p.
_b: ilus.
490 _aA Wisley Handbook
590 _aBATCH-UPD
_b10
_c20130110
_lUCH01
_h0203
590 _aBATCH-UPD
_b10
_c20130110
_lUCH01
_h2312
590 _aCONVERSION
_b10
_c20130109
_lUCH01
_h1333
650 1 4 _aGeranios.
_947691
830 0 _aA Wisley Handbook
_9107
901 _aBK
942 _cLIBRO
949 _a635.933216 H52
_bBC
_cC
_d33724000632253
_eC
_h91636
_i67369
_si
_t73.00
999 _c62221
_d62221